000 00534nam a22001937a 4500
003 KOHA_MİRAKIL
005 20251022153215.0
008 251022b tu ||||| |||| 00| 0 tur d
020 _a9786051722115
040 _aTR-AnABB
_btur
_cTR-AnABB
041 _atur
082 _a823.912
_bVOY 2020
100 1 _aVoynich, Ethel Lilian,
245 1 0 _aAtsineği /
_cEthel Lilian Voynich
260 _aİstanbul :
_bYordam Kitap,
_c2020
300 _a335 sayfa ;
_c21 cm
650 0 4 _aİngiliz edebiyatı, roman
942 _2ddc
_cBK
999 _c9195
_d9195
900 _bGizem YORULMAZ